Henry Lee's crime scene handbook / (Record no. 1368)

MARC details
000 -LEADER
fixed length control field 01278nam a22003617a 4500
001 - CONTROL NUMBER
control field 12395153
003 - CONTROL NUMBER IDENTIFIER
control field OSt
005 - DATE AND TIME OF LATEST TRANSACTION
control field 20240703085948.0
008 - FIXED-LENGTH DATA ELEMENTS--GENERAL INFORMATION
fixed length control field 240703b |||||||| |||| 00| 0 eng d
010 ## - LIBRARY OF CONGRESS CONTROL NUMBER
LC control number 2001090543
015 ## - NATIONAL BIBLIOGRAPHY NUMBER
National bibliography number GBA1-X5281
020 ## - INTERNATIONAL STANDARD BOOK NUMBER
International Standard Book Number 0124408303
035 ## - SYSTEM CONTROL NUMBER
System control number (OCoLC)ocm47063437
040 ## - CATALOGING SOURCE
Original cataloging agency KMU
Transcribing agency KMU
Modifying agency KMU
Language of cataloging eng
Description conventions rda
042 ## - AUTHENTICATION CODE
Authentication code lccopycat
050 00 - LIBRARY OF CONGRESS CALL NUMBER
Classification number HV8073
Item number .L37 2001
100 1# - MAIN ENTRY--PERSONAL NAME
Personal name Lee, Henry C.
245 10 - TITLE STATEMENT
Title Henry Lee's crime scene handbook /
Statement of responsibility, etc. Henry C. Lee, Timothy Palmbach, Marilyn T. Miller.
260 ## - PUBLICATION, DISTRIBUTION, ETC.
Place of publication, distribution, etc. San Diego, Calif. :
-- London :
Name of publisher, distributor, etc. Academic,
Date of publication, distribution, etc. c2001.
300 ## - PHYSICAL DESCRIPTION
Extent xv, 416 p. :
Other physical details ill. (some col.) ;
Dimensions 26 cm.
650 #0 - SUBJECT ADDED ENTRY--TOPICAL TERM
Topical term or geographic name entry element Forensic sciences.
650 #0 - SUBJECT ADDED ENTRY--TOPICAL TERM
Topical term or geographic name entry element Crime scenes.
650 #0 - SUBJECT ADDED ENTRY--TOPICAL TERM
Topical term or geographic name entry element Criminal investigation.
650 #0 - SUBJECT ADDED ENTRY--TOPICAL TERM
Topical term or geographic name entry element Evidence, Expert.
700 1# - ADDED ENTRY--PERSONAL NAME
Personal name Palmbach, Timothy.
700 1# - ADDED ENTRY--PERSONAL NAME
Personal name Miller, Marilyn T.
856 42 - ELECTRONIC LOCATION AND ACCESS
Materials specified Publisher description
Uniform Resource Identifier <a href="http://www.loc.gov/catdir/description/els031/2001090543.html">http://www.loc.gov/catdir/description/els031/2001090543.html</a>
856 41 - ELECTRONIC LOCATION AND ACCESS
Materials specified Table of contents
Uniform Resource Identifier <a href="http://www.loc.gov/catdir/toc/els031/2001090543.html">http://www.loc.gov/catdir/toc/els031/2001090543.html</a>
906 ## - LOCAL DATA ELEMENT F, LDF (RLIN)
a 7
b cbc
c copycat
d 2
e ncip
f 20
g y-gencatlg
942 ## - ADDED ENTRY ELEMENTS (KOHA)
Source of classification or shelving scheme Library of Congress Classification
Koha item type Non-Fiction
Suppress in OPAC No
Holdings
Withdrawn status Lost status Source of classification or shelving scheme Damaged status Not for loan Collection Home library Current library Shelving location Date acquired Source of acquisition Total Checkouts Full call number Barcode Date last seen Price effective from Koha item type
    Library of Congress Classification     Non-fiction Kapasa Makasa University Kapasa Makasa University Open Access 03.07.2024 Book Aid International   HV8073 .L37 Lee 300851 03.07.2024 03.07.2024 Non-Fiction